[Event "Rostock  PSV op 05th"]
[Site "Rostock"]
[Date "2005.08.27"]
[Round "6"]
[White "Fischer, Joachim"]
[Black "Stahl, Rene"]
[Result "1-0"]
[WhiteElo "1673"]
[BlackElo "1447"]
[PlyCount "89"]
[EventDate "2005.08.25"]
[EventType "swiss"]
[EventRounds "7"]
[EventCountry "GER"]
[SourceTitle "EXT 2007"]
[Source "ChessBase"]
[SourceDate "2006.11.23"]
[SourceVersion "1"]
[SourceVersionDate "2006.11.23"]
[SourceQuality "1"]

1. e4 c6 2. d4 d5 3. Nc3 dxe4 4. Nxe4 Bf5 5. Ng3 Bg6 6. Nf3 Nd7 7. h4 h6 8. h5 Bh7 9. Bd3 Bxd3 10. Qxd3 e6 11. 0-0 Ngf6 12. Re1 Be7 13. b3 Qc7 14. Bb2 Nd5 15. c4 Nf4 16. Qe3 Nf6 17. Rac1 N4xh5 18. Nxh5 Nxh5 19. d5 Bd6 20. dxe6 0-0 21. Qc3 fxe6 22. Rxe6 Rf6 23. Rce1 Rxe6 24. Rxe6 Nf4 25. Re4 Rf8 26. c5 Nd5 27. Qd4 Bf4 28. g3 Bxg3 29. Rg4 Rxf3 30. Rxg7+ Kf8 31. Rxc7 Bxc7 32. Qg7+ Ke8 33. Qxh6 Rf4 34. Bc1 Rf6 35. Qh8+ Kf7 36. Bb2 Rf4 37. Qc8 Rb4 38. Qd7+ Kg6 39. Qe6+ Kg5 40. Bc1+ Kh4 41. Qf5 Rg4+ 42. Kf1 Rb4 43. Bg5+ Kh5 44. Bf4+ Kh4 45. Qg5+ 1-0

[Event "Mecklenburg VP LL2 West 0203"]
[Site "Mecklenburg VP"]
[Date "2003.03.09"]
[Round "8.4"]
[White "Hantel, Thomas"]
[Black "Stahl, Rene"]
[Result "1/2-1/2"]
[WhiteElo "1805"]
[BlackElo "1402"]
[PlyCount "52"]
[EventDate "2002.10.20"]
[EventType "team-tourn"]
[EventRounds "9"]
[EventCountry "GER"]
[SourceTitle "EXT 2022"]
[Source "ChessBase"]
[SourceDate "2021.10.06"]
[SourceVersion "1"]
[SourceVersionDate "2021.10.06"]
[SourceQuality "1"]
[WhiteTeam "Guestrow/Teterow"]
[BlackTeam "Rostock HSG Uni II"]
[WhiteTeamCountry "GER"]
[BlackTeamCountry "GER"]

1. d4 Nf6 2. c4 g6 3. Nc3 Bg7 4. e4 d6 5. Nf3 0-0 6. Bd3 c5 7. d5 e6 8. 0-0 exd5 9. exd5 Nbd7 10. Bg5 h6 11. Bh4 a6 12. a4 Re8 13. Re1 Rxe1+ 14. Qxe1 Qe8 15. Bg3 Bf8 16. Qd2 Nh5 17. Bh4 Ne5 18. Nxe5 Qxe5 19. Re1 Qf4 20. Qxf4 Nxf4 21. Bc2 Bd7 22. Ne4 Nh5 23. Bd1 Bf5 24. g4 Bxe4 25. Rxe4 Ng7 26. Bf6 Re8 1/2-1/2